| 000 | 00802nam a22002777a 4500 | ||
|---|---|---|---|
| 001 | 31537 | ||
| 003 | UA-OsUOA | ||
| 005 | 20240111125143.0 | ||
| 007 | ta | ||
| 008 | 20041223b un ||||| |||| 00| 0 ukr d | ||
| 020 | _a5020282170 | ||
| 040 |
_aUA-OsUOA _brus _cUA-OsUOA _dUA-OsUOA |
||
| 041 | _arus | ||
| 044 | _aRU | ||
| 080 | _a94(37) | ||
| 090 |
_a94(37) _bМ74 |
||
| 100 | _aМоммзен Т. | ||
| 245 |
_aИстория Рима _cТеодор Моммзен |
||
| 260 |
_aСПб _bНаука, Ювента _c1997 |
||
| 300 |
_a736 с. _bил. |
||
| 505 |
_gТ. І _tДо битвы при Пидне |
||
| 650 | 7 |
_a9 Географія. Біографії. Історія _2UDC |
|
| 942 |
_cBK _2udc |
||
| 955 | _a2 | ||
| 999 |
_c317965 _d317965 |
||